000 00681nam a2200265Ia 4500
001 5289
005 20240113233825.0
007 ta
008 050617s1988 a g b000 u hin u
020 _cHB
040 _aCotton College Assam
041 _ahin
082 _a891.433
_bCh 355 Pr
100 _aChamanlal, .
245 0 _aPratinidhi Hindi Upanyas /
_cChamanlal.
_hTextual Documents
250 _a1st ed. /
260 _aChandigarh :
_bHariana Sahitya Academi ,
_c1988.
300 _a171p. :
_bill. ;
_c21cm .
653 _aHindi novel
653 _aHindi fiction
653 _aGen-Hindi
942 _2ddc
_cBK
999 _c5276
_d5276